Memoria del primer congreso internaional, y noveno congreso nacional sobre recursos bióticos de zonas áridas y sexta reunión de orégano y otras aromátiacas: (Record no. 107290)
[ view plain ]
| 000 -CABECERA | |
|---|---|
| campo de control de longitud fija | 01594nam a2200349 a 4500 |
| 001 - NÚMERO DE CONTROL | |
| campo de control | 000110828 |
| 003 - IDENTIFICADOR DEL NÚMERO DE CONTROL | |
| campo de control | CHAP |
| 005 - FECHA Y HORA DE LA ÚLTIMA TRANSACCIÓN | |
| campo de control | 20220329144147.0 |
| 008 - DATOS DE LONGITUD FIJA--INFORMACIÓN GENERAL | |
| campo de control de longitud fija | 141008s2013 mx a |s| |1|||||spa d |
| 010 ## - NÚMERO DE CONTROL DE LA BIBLIOTECA DEL CONGRESO | |
| Número de control de LC | 107290 |
| 011 ## - ENLACE DEL NUMERO DE CONTROL DE LA BIBLIOTECA DEL CONGRESO [OBSOLETO] | |
| Número de control de LC | 108262 |
| 020 ## - NÚMERO INTERNACIONAL ESTÁNDAR DEL LIBRO | |
| Número Internacional Estándar del Libro | 9786071203137 |
| 040 ## - FUENTE DE LA CATALOGACIÓN | |
| Centro/agencia transcriptor | CHAP |
| 090 ## - LOCALMENTE ASIGNADO TIPO-LC NÚMERO DE CLASIFICACIÓN (OCLC); NÚMERO DE CLASIFICACIÓN LOCAL (RLIN) | |
| Número de clasificación (OCLC) (R) ; Numero de clasificación, CALL (RLIN) (NR) | CD-451 2013 |
| 111 20 - ENTRADA PRINCIPAL--NOMBRE DE CONGRESO/REUNIÓN | |
| Nombre de congreso/reunión o jurisdicción como elemento de entrada | Congreso Internacional sobre Recusros Bióticos de Zonas Áridas |
| Número del congreso/reunión o número de parte o sección | (1: |
| Fecha del congreso/reunión | 2013: |
| Sede del congreso/Lugar de la reunión | Bermejillo, Dgo.) |
| 9 (RLIN) | 128588 |
| 245 10 - MENCIÓN DE TÍTULO | |
| Título | Memoria del primer congreso internaional, y noveno congreso nacional sobre recursos bióticos de zonas áridas y sexta reunión de orégano y otras aromátiacas: |
| Medio | [Disco Compacto] |
| Resto del título | Resúmenes y artículos en extenso / |
| Mención de responsabilidad, etc. | Compilado por Armando López, Martha Celina González Güereca y Ramón Silva Vázquez. |
| 260 ## - PUBLICACIÓN, DISTRIBUCIÓN, ETC. | |
| Lugar de publicación, distribución, etc. | Bermejillo, Dgo. : |
| Nombre del editor, distribuidor, etc. | UACH. Unidad Regional Universitaria de Zonas Áridas, |
| Fecha de publicación, distribución, etc. | 2013. |
| 300 ## - DESCRIPCIÓN FÍSICA | |
| Extensión | 1 CD ROM ; |
| Dimensiones | 4 3/4 plg. |
| 590 ## - NOTA LOCAL (RLIN) | |
| Nota local | BATCH-UPD |
| Procedencia (VM) [OBSOLETO] | 05 |
| Condición del los carretes individuales (VM) [OBSOLETO] | 20141008 |
| -- | UCH01 |
| -- | 1156 |
| 590 ## - NOTA LOCAL (RLIN) | |
| Nota local | E5652GLJ |
| Procedencia (VM) [OBSOLETO] | 05 |
| Condición del los carretes individuales (VM) [OBSOLETO] | 20141008 |
| -- | UCH01 |
| -- | 1156 |
| 650 14 - PUNTO DE ACCESO ADICIONAL DE MATERIA--TÉRMINO DE MATERIA | |
| Término de materia o nombre geográfico como elemento de entrada | Agricultura |
| Subdivisión general | Congresos. |
| 9 (RLIN) | 1373 |
| 650 14 - PUNTO DE ACCESO ADICIONAL DE MATERIA--TÉRMINO DE MATERIA | |
| Término de materia o nombre geográfico como elemento de entrada | Recursos naturales |
| Subdivisión general | Aprovechamiento. |
| 9 (RLIN) | 95190 |
| 650 14 - PUNTO DE ACCESO ADICIONAL DE MATERIA--TÉRMINO DE MATERIA | |
| Término de materia o nombre geográfico como elemento de entrada | Regiones áridas |
| Subdivisión general | Agricultura. |
| 9 (RLIN) | 95670 |
| 700 0# - PUNTO DE ACCESO ADICIONAL--NOMBRE DE PERSONA | |
| Nombre de persona | López Santos, Armando |
| Término indicativo de función/relación | comp. |
| 9 (RLIN) | 68329 |
| 700 1# - PUNTO DE ACCESO ADICIONAL--NOMBRE DE PERSONA | |
| Nombre de persona | González Güereca, Martha Celina |
| Término indicativo de función/relación | comp. |
| 9 (RLIN) | 128590 |
| 700 1# - PUNTO DE ACCESO ADICIONAL--NOMBRE DE PERSONA | |
| Nombre de persona | Silva Vázquez, Ramón |
| Término indicativo de función/relación | comp. |
| 9 (RLIN) | 128591 |
| 711 2# - PUNTO DE ACCESO ADICIONAL--NOMBRE DE REUNIÓN/CONGRESO | |
| Nombre de congreso/reunión o jurisdicción como elemento de entrada | Congreso Nacional sobre Recursos Bióticos de Zonas Áridas |
| Número del congreso/reunión o número de parte o sección | (9: |
| Fecha del congreso/reunión | 2013: |
| Sede del congreso/Lugar de la reunión | Bermejillo, Dgo.) |
| 9 (RLIN) | 128587 |
| 711 2# - PUNTO DE ACCESO ADICIONAL--NOMBRE DE REUNIÓN/CONGRESO | |
| Nombre de congreso/reunión o jurisdicción como elemento de entrada | Reunión Nacional de Oregano y otras Aromáticas |
| Número del congreso/reunión o número de parte o sección | (6: |
| Fecha del congreso/reunión | 2013: |
| Sede del congreso/Lugar de la reunión | Bermejillo, Dgo.) |
| 9 (RLIN) | 128589 |
| 901 ## - ELEMENTOS DE DATOS A LOCAL LDA (RLIN) | |
| a | BK |
| 942 ## - ELEMENTOS DE PUNTO DE ACCESO ADICIONAL (KOHA) | |
| Tipo de ítem Koha | CD |
| 942 ## - ELEMENTOS DE PUNTO DE ACCESO ADICIONAL (KOHA) | |
| Suprimir en OPAC | 0 |
| Estado de retiro | Estado de pérdida | Estado dañado | Restricciones de uso | No para préstamo | Código de colección | Localización permanente | Ubicación/localización actual | Fecha de adquisición | Información codificada de la localización en otra ubicación | Total de préstamos | Signatura topográfica completa | Código de barras | Fecha visto por última vez | Precio válido a partir de | Tipo de ítem Koha | Nota pública | Número de copia |
|---|---|---|---|---|---|---|---|---|---|---|---|---|---|---|---|---|---|
| Préstamo interno2 | Excluido de préstamo | Material multimedia | Biblioteca Central | Biblioteca Central | 08/10/2014 | CD | CD-451 (2013) | 33724002400173 | 31/12/2019 | 31/12/2019 | CD | Recien adquirido | |||||
| Préstamo interno2 | Excluido de préstamo | Material multimedia | Biblioteca Central | Biblioteca Central | 08/10/2014 | CD | CD-451 (2013) | 33724002400215 | 31/12/2019 | 31/12/2019 | CD | Recien adquirido | c.2 |
